|
|
|
|
| LEADER |
00000cam a2200000 a 4500 |
| 001 |
vtls008665356 |
| 003 |
SK-MaSNL |
| 005 |
20260301205448.0 |
| 008 |
250312s1957 xo 000 f slo |
| 015 |
|
|
|a SNBA1957
|
| 020 |
|
|
|q (viazané)
|
| 035 |
|
|
|a MIZKGZ31191
|
| 035 |
|
|
|a urn:nbn:sk:snk-am3hsgf
|
| 035 |
|
|
|a 5CE4A9CD-93C1-461F-8BC4-4331A5BAFBFC
|
| 035 |
|
|
|a urn:nbn:sk:snk-am00d7nr
|
| 040 |
|
|
|a SNK
|b slo
|c SNK
|e AACR2
|
| 041 |
1 |
|
|a slo
|h dan
|
| 044 |
|
|
|a xo
|c SK
|
| 072 |
|
7 |
|a 821.11
|x Germánske literatúry
|2 konspekt
|
| 080 |
|
|
|a 821.113.4-31
|2 2011
|
| 080 |
|
|
|a 82-311.4
|2 2011
|
| 080 |
|
|
|a (0:82-94)
|2 2011
|
| 100 |
1 |
|
|a Andersen Nexø, Martin,
|d 1869-1954
|4 aut
|9 42370
|
| 240 |
1 |
0 |
|a Morten hin röde
|l Slovensky
|
| 245 |
1 |
0 |
|a Červený Morten
|b spomienkový román
|c Martin Andersen Nexö ; [z dánskeho originálu Morten hin röde ... preložil a doslov napísal Jaroslav Kaňa ; prebásnil Viliam Turčány]
|
| 260 |
|
|
|a Bratislava
|b Slovenské vydavateľstvo krásnej literatúry
|c 1957
|
| 300 |
|
|
|a 766 strán
|c 21 cm
|
| 366 |
|
|
|e 3300 kusov
|
| 490 |
1 |
|
|a Prameň
|v zväzok 32
|
| 655 |
|
7 |
|a dánske romány
|2 SNKPH
|9 70811
|
| 655 |
|
7 |
|a spomienky
|2 SNKPH
|9 29509
|
| 655 |
|
7 |
|a spoločenské romány
|2 SNKPH
|9 70538
|
| 700 |
1 |
|
|a Kaňa, Jaroslav,
|d 1925-2004
|4 trl
|4 aft
|9 180720
|
| 700 |
1 |
|
|a Turčány, Viliam,
|d 1928-2021
|4 adp
|9 102025
|
| 830 |
|
0 |
|a Prameň
|9 280290
|
| 852 |
|
|
|a Slovenská národná knižnica
|
| 954 |
|
|
|a beletria cudzojazyčná (svetová)
|2 lita
|
| 958 |
|
|
|a RK
|
| 958 |
|
|
|a TL
|
| 958 |
|
|
|a LX
|
| 958 |
|
|
|a UP
|
| 958 |
|
|
|a SP
|
| 958 |
|
|
|a OND
|
| 999 |
|
|
|c 910164
|d 912094
|
| 952 |
|
|
|a SNK
|b SNK
|y PREZ
|7 0
|p 17A0806289
|o snkSC 10508
|i snkKSP 2363/57
|0 0
|1 0
|4 0
|d 2019-10-15
|f 1
|l 0
|r 2025-07-09 00:00:00
|w 2026-02-24
|